000
00280nam a22001337a 4500
008
180222b xxu||||| |||| 00| 0 eng d
020
_a
615
041
_a
eng
080
_a
615
100
_a
5
101
_a
FAR
245
_a
Pharmacotherapy handbook
_c
Carta,R
942
_2
udc
_c
BK
999
_c
43125
_d
43125